Zmeny v oblasti platenia poistného na sociálne poistenie od 1. januára 2011
Prvého januára 2011 nadobudol účinnosť zákon č. 543/2010 Z. z., ktorým sa mení a dopĺňa zákona č. 461/2003 Z. z. o sociálnom poistení v z. n. p., a o zmene a doplnení niektorých zákonov. Postavenie zamestnanca v sociálnom poistení. Zmeny týkajúce sa zamestnanca a zamestnávateľa, samostatne zárobkovo...
Gespeichert in:
| 1. Verfasser: | |
|---|---|
| Format: | Buchkapitel |
| Sprache: | Slowakisch |
| Schlagworte: | |
| Tags: |
Keine Tags, Fügen Sie das erste Tag hinzu!
|
MARC
| LEADER | 00000nla$a2200000$$$4500 | ||
|---|---|---|---|
| 001 | 0137029 | ||
| 005 | 20220729105300.3 | ||
| 041 | 0 | |a slo | |
| 044 | |a SK | ||
| 245 | 1 | 0 | |a Zmeny v oblasti platenia poistného na sociálne poistenie od 1. januára 2011 |c Andrea Zahoranová |
| 520 | |a Prvého januára 2011 nadobudol účinnosť zákon č. 543/2010 Z. z., ktorým sa mení a dopĺňa zákona č. 461/2003 Z. z. o sociálnom poistení v z. n. p., a o zmene a doplnení niektorých zákonov. Postavenie zamestnanca v sociálnom poistení. Zmeny týkajúce sa zamestnanca a zamestnávateľa, samostatne zárobkovo činnej osoby a dobrovoľne poistenej osoby. | ||
| 610 | 2 | 0 | |a poistenie sociálne |
| 610 | 2 | 0 | |a základ vymeriavací |
| 610 | 2 | 0 | |a čiastka poistná |
| 610 | 2 | 0 | |a zamestnávatelia |
| 610 | 2 | 0 | |a zamestnanci |
| 610 | 2 | 0 | |a osoby samostatne zárobkovo činné |
| 610 | 2 | 0 | |a novelizácia |
| 610 | 2 | 0 | |a zákony |
| 100 | 1 | |a Zahoranová, Andrea | |